Statistics for French Grand Prix Winners

Click here to take the quiz!

General Stats

  • This quiz has been taken 6 times
  • The average score is 48 of 95

Answer Stats

YearNationalityDriver% Correct
1983FranceAlain Prost
83%
1993FranceAlain Prost
83%
1990FranceAlain Prost
83%
1989FranceAlain Prost
83%
1988FranceAlain Prost
83%
1981FranceAlain Prost
83%
1996United KingdomDamon Hill
83%
2000United KingdomDavid Coulthard
83%
2005SpainFernando Alonso
83%
1960AustraliaJack Brabham
83%
1966AustraliaJack Brabham
83%
1967AustraliaJack Brabham
83%
1972United KingdomJackie Stewart
83%
1969United KingdomJackie Stewart
83%
1971United KingdomJackie Stewart
83%
1963United KingdomJim Clark
83%
1965United KingdomJim Clark
83%
1950ArgentinaJuan Manuel Fangio
83%
1957ArgentinaJuan Manuel Fangio
83%
1954ArgentinaJuan Manuel Fangio
83%
1951ArgentinaJuan Manuel Fangio
83%
2007FinlandKimi Räikkönen
83%
2018United KingdomLewis Hamilton
83%
2019United KingdomLewis Hamilton
83%
1977United StatesMario Andretti
83%
1978United StatesMario Andretti
83%
2021NetherlandsMax Verstappen
83%
2022NetherlandsMax Verstappen
83%
1997GermanyMichael Schumacher
83%
1994GermanyMichael Schumacher
83%
2006GermanyMichael Schumacher
83%
2004GermanyMichael Schumacher
83%
2002GermanyMichael Schumacher
83%
2001GermanyMichael Schumacher
83%
1998GermanyMichael Schumacher
83%
1995GermanyMichael Schumacher
83%
1986United KingdomNigel Mansell
83%
1987United KingdomNigel Mansell
83%
1991United KingdomNigel Mansell
83%
1992United KingdomNigel Mansell
83%
1984AustriaNiki Lauda
83%
1975AustriaNiki Lauda
83%
2003GermanyRalf Schumacher
83%
1982FranceRené Arnoux
83%
1973SwedenRonnie Peterson
83%
1974SwedenRonnie Peterson
83%
1980AustraliaAlan Jones
67%
1952ItalyAlberto Ascari
67%
2008BrazilFelipe Massa
67%
1999GermanyHeinz-Harald Frentzen
67%
1968BelgiumJacky Ickx
67%
1976United KingdomJames Hunt
67%
1985BrazilNelson Piquet
67%
1970AustriaJochen Rindt
50%
1947MonacoLouis Chiron
50%
1931MonacoLouis Chiron
50%
1934MonacoLouis Chiron
50%
1937MonacoLouis Chiron
50%
1949MonacoLouis Chiron
50%
1964United StatesDan Gurney
33%
1962United StatesDan Gurney
33%
1979FranceJean-Pierre Jabouille
33%
1958United KingdomMike Hawthorn
33%
1953United KingdomMike Hawthorn
33%
1906HungaryFerenc Szisz
17%
1932ItalyTazio Nuvolari
17%
1929United KingdomWilliam Grover-Williams
17%
1928United KingdomWilliam Grover-Williams
17%
1931ItalyAchille Varzi
0%
1925FranceAlbert Divo
0%
1949FranceCharles Pozzi
0%
1914GermanyChristian Lautenschlager
0%
1908GermanyChristian Lautenschlager
0%
1907ItalyFelice Nazzaro
0%
1922ItalyFelice Nazzaro
0%
1913FranceGeorges Boillot
0%
1912FranceGeorges Boillot
0%
1961ItalyGiancarlo Baghetti
0%
1933ItalyGiuseppe Campari
0%
1924ItalyGiuseppe Campari
0%
1923United KingdomHenry Segrave
0%
1939GermanyHermann Paul Müller
0%
1936FranceJean-Pierre Wimille
0%
1948FranceJean-Pierre Wimille
0%
1921United StatesJimmy Murphy
0%
1926FranceJules Goux
0%
1951ItalyLuigi Fagioli
0%
1938GermanyManfred von Brauchitsch
0%
1956United KingdomPeter Collins
0%
1930FrancePhilippe Étancelin
0%
1936FranceRaymond Sommer
0%
1925FranceRobert Benoist
0%
1927FranceRobert Benoist
0%
1935GermanyRudolf Caracciola
0%
1959United KingdomTony Brooks
0%

Score Distribution

Percentile by Number Answered

Percent of People with Each Score

Your Score History

You have not taken this quiz